000 00601nam a2200229Ia 4500
008 160803s9999 xx 000 0 und d
020 _a9780613313001
100 _aShowers, Paul
245 _aHear your heart /
245 _cby Paul Showers ; illustrated by Holly Keller.
260 _aNew York :
260 _bScholastic Inc.
260 _c2001
300 _a33 pages :
300 _bcolor illustrations ;
300 _c21 x 25 cm.
440 _aLet's-read-and-find-out science.,
440 _vStage 2.
650 _aHeart --
650 _xJuvenile literature.
700 _a500
999 _c299896
_d299896